000 00798nam a22001337a 4500
040 _cRUA
082 _aAGR MEC 2024 B1-406 Or.
100 _aMECH LUM ANG,ម៉ិច លំអង
245 _aCOMPARISON OF CONSUMPTION QUALITY OF DIFFERENT VARIETIES OF CHERRY TOMATOES( solanum lycopersicum var.cerasiforme) IN GREENHOUSE CONDITIONS,ការប្រៀបធៀបគុណភាពប្រើប្រាស់នៃពូជប៉េងប៉ោះឆឺរី( solanum lycopersicum var.cerasiforme) ផ្សេងៗគ្នានៅក្នុងលក្ខខណ្ឌផ្ទះសំណាញ់
260 _aphnom penh
_brua
_c2024
300 _aix.31p.
_bill.
_c29cm.
856 _uhttps://drive.google.com/file/d/1KsCAUSuo5SpGoBXbSCML6HX_OnSOyw2T/view?usp=sharing
942 _cAGR
999 _c24708
_d24708